| 000 | 00498nam a2200121 a 4500 | ||
|---|---|---|---|
| 008 | 080109s9999 xx |||||||||||||| || u | ||
| 050 | _aQ 360 Edw | ||
| 245 | 1 | 0 | _aInformation transmission |
| 246 | _aan introductory guide to the application of the theory of information to the human sciences | ||
| 300 | _a(iv), 134P. : ill. | ||
| 350 | _a0.00 | ||
| 995 |
_D0.00 _FCBU-MAIN LIBRARY (Kitwe) _H1 _I1.00 _M1 _UAVAILABLE _ZAnnex Low-Usage Collection |
||
| 999 |
_c46941 _d46941 |
||